Darts Nicknames - Statistics

General Stats
  • This quiz has been taken 369 times
  • The average score is 10 of 15
Answer Stats
Answer % Correct
Phil Taylor The Power
92%
Peter Wright Snakebite
87%
Michael van Gerwen Mighty Mike
85%
Dave Chisnall Chizzy
77%
James Wade The Machine
76%
Gary Anderson The Flying Scotsman
75%
Terry Jenkins The Bull
74%
Simon Whitlock The Wizard
71%
Michael Smith The Bully
69%
Adrian Lewis The Jackpot
69%
Mervyn King The King
69%
Ian White Diamond
59%
Robert Thornton The Thorn
52%
Kim Huybrechts The Hurricane
44%
Vincent van der Voort The Dutch Destroyer
36%
No matching quizzes found
Score Distribution
Percent of People with Each Score
Percentile by Number Answered
Your Score History
You have not taken this quiz